| 000 | 00000nam##2200000za#4500 |
| 001 | 9.581163 |
| 003 | CaOODSP |
| 005 | 20210624191404 |
| 007 | cr ||||||||||| |
| 008 | 150406|2004||||xxc|||||o f|0| 0 eng|d |
| 040 | |aCaOODSP|beng |
| 043 | |an-cn--- |
| 086 | 1 |aNH18-22/104-112E-PDF |
| 110 | 2 |aCanada Mortgage and Housing Corporation. |
| 245 | 10|aCanadian home inspectors and building officials national initiative phase two : |h[electronic resource]|bdevelopment of national certification and accreditation models |
| 250 | |aRevised 2005, 2006, 2010 |
| 260 | |aOttawa - Ontario : |bCanada Mortgage and Housing Corporation |cc2004, 2005, 2006, 2010. |
| 300 | |a4p. |
| 490 | 1 |aResearch highlight. Technical series|v04-112 |
| 500 | |aFile reproduced from original print. |
| 590 | |a14-20-Supp|b2014-11-25 |
| 775 | 08|tDeuxième phase de l'initiative nationale visant les inspecteurs en bâtiment et les agents du bâtiment du Canada : |w(CaOODSP)9.608011 |
| 776 | 0#|tCanadian home inspectors and building officials national initiative phase two : |w(CaOODSP)9.617093 |
| 830 | #0|aResearch highlight. Technical series ;|v04-112|w(CaOODSP)9.504482 |
| 856 | 40|ahttp://publications.gc.ca|qPDF|s98 KB|uhttps://publications.gc.ca/collections/collection_2014/schl-cmhc/NH18-22-104-112-eng.pdf|y04-112 |